000 00305nam a2200133Ia 4500
008 191201s2010 xx 000 0 und d
100 _aHAYKIN,Siman
245 0 _aCommunication Systems
250 _a5th,Rep
260 _c2010
_bWiley India
_aN. delhi
300 _a422
650 _aECE
942 _2ddc
_cBB
999 _c7336
_d7336